Quality circles : a guide to participation and productivity

Salvato in:
Dettagli Bibliografici
Autore principale: Crocker, Olga L.
Natura: Libro
Lingua:Undetermined
Pubblicazione: New York, N.Y. Facts on File Publications 1984
Soggetti:
Tags: Aggiungi Tag
Nessun Tag, puoi essere il primo ad aggiungerne! !
Thư viện lưu trữ: Trung tâm Học liệu Trường Đại học Cần Thơ
LEADER 00631nam a2200205Ia 4500
001 CTU_95166
008 210402s9999 xx 000 0 und d
082 |a 658.4036 
082 |b C938 
100 |a Crocker, Olga L. 
245 0 |a Quality circles : 
245 2 |b a guide to participation and productivity 
245 0 |c Olga L. Crocker, Johnny Sik Leung Chiu, and Cyril Charney. 
260 |a New York, N.Y. 
260 |b Facts on File Publications 
260 |c 1984 
650 |a Quality circles,Quality circles 
650 |z Japan,United states 
904 |i Năm 
980 |a Trung tâm Học liệu Trường Đại học Cần Thơ